00168 a2200073 450000100060000010000300000624500230003626000350005930854 aMulana Saeed Ahmed Ansary aSeerat Al-Sahabiat aGujratbMaktaba Zafar Quranic